000 01124ata a2200433 4500
005 20250701170406.0
008 150601b2010 xxu||||| |||| 00| 0 spa d
020 _a9682613116
041 _aESP
082 _a330 G822f
100 _aGregory, Paul A
_935827
245 _aFundamentos de economía
260 _aMéxico
260 _bPatria
260 _c2010
300 _a335 páginas
490 _aDirección y Administración de Empresas
500 _aContiene libro de prácticas titulado" Fundamentos de economía: guía de estudio"
650 _aECONOMÍA
650 _aGRÁFICOS
650 _aSISTEMA DE PRECIOS
650 _aDEMANDA DEL MERCADO
650 _aMICROECONOMÍA
650 _aCOSTOS
650 _aPRODUCTIVIDAD
650 _aMERCADOS
650 _aMONOPOLIOS
650 _aOLIGOPOLIO
650 _aFIJACIÓN DE PRECIOS
650 _aMACROECONOMÍA
650 _aBANCA
650 _aINFLACIÓN
650 _aDESEMPLEO
650 _aCOMERCIO INTERNACIONAL
650 _aARANCELES
650 _aTIPOS DE CAMBIO
650 _aBIENES PÚBLICOS
942 _cBK
_2ddc
999 _c6111
_d6111